RICS response to IVSC restructuring proposal (Record no. 107067)

MARC details
000 -LEADER
fixed length control field 00927cam a22001935a 4500
001 - CONTROL NUMBER
control field L138218
008 - FIXED-LENGTH DATA ELEMENTS--GENERAL INFORMATION
fixed length control field 070522e2007 xxk f 000 0 eng d
035 ## - SYSTEM CONTROL NUMBER
System control number (Sirsi) u138218
041 0# - LANGUAGE CODE
Language code of text/sound track or separate title eng
100 1# - MAIN ENTRY--PERSONAL NAME
Personal name Al-Khatib, Luay
245 00 - TITLE STATEMENT
Title RICS response to IVSC restructuring proposal
Medium [electronic resource]
260 ## - PUBLICATION, DISTRIBUTION, ETC.
Place of publication, distribution, etc. London
Name of publisher, distributor, etc. RICS
Date of publication, distribution, etc. 2007
520 ## - SUMMARY, ETC.
Summary, etc. Discusses RICS policy in supporting the creation of a single set of high quality international valuation standards and in recognising IVSC as the body best placed to produce these. Discusses RICS? concerns with the detail of some of the proposals, and how these may evolve in practice.
590 ## - LOCAL NOTE (RLIN)
Local note KA
651 #4 - SUBJECT ADDED ENTRY--GEOGRAPHIC NAME
Geographic name International
690 ## - LOCAL SUBJECT ADDED ENTRY--TOPICAL TERM (OCLC, RLIN)
Topical term or geographic name as entry element ABOUT RICS-RELATED ORGANISATIONS-INTERNATIONAL VALUATION STANDARDS COMMITTEE
856 40 - ELECTRONIC LOCATION AND ACCESS
Uniform Resource Identifier <a href="https://www.rics.org/RICSWEB/getpage.aspx?p=xldHG5GGuESiqy3ARukXoQ">https://www.rics.org/RICSWEB/getpage.aspx?p=xldHG5GGuESiqy3ARukXoQ</a>
Public note View the item free of charge at www.rics.org...
942 ## - ADDED ENTRY ELEMENTS (KOHA)
Suppress in OPAC 0
Holdings
Withdrawn status Lost status Source of classification or shelving scheme Damaged status Not for loan Home library Current library Shelving location Date acquired Total Checkouts Full call number Barcode Date last seen Copy number Price effective from Koha item type
    Dewey Decimal Classification     Virtual Virtual Online 22/05/2007   ONLINE PUBLICATION 138218-2001 06/08/2019 1 06/08/2019 Book